[Event "AUTO-ADV-947"]
[Site "http://www.queenalice.com/game.php?id=421475"]
[Date "2008.6.22"]
[Round "1"]
[White "Bruno_de_Paula"]
[Black "PudVein"]
[Result "0-1"]
[WhiteElo "1663"]
[BlackElo "1934"]

1. e4 d6 2. d4 Nf6 3. Nc3 g6 4. f4 Bg7 5. Nf3 Bg4 6. Be2 Nbd7 7. Be3 c6 8. Qd2
b5 9. a3 O-O 10. h3 Bxf3 11. Bxf3 Rb8 12. e5 dxe5 13. dxe5 Ne8 14. Bxc6 a6 0-1

[Event "AUTO-ADV-947"]
[Site "http://www.queenalice.com/game.php?id=421476"]
[Date "2008.6.22"]
[Round "1"]
[White "PudVein"]
[Black "Bruno_de_Paula"]
[Result "1-0"]
[WhiteElo "1928"]
[BlackElo "1669"]

1. Nf3 c5 2. g3 Nc6 3. Bg2 g6 4. c4 Bg7 5. Nc3 Nf6 6. O-O O-O 7. Rb1 a5 8. a3 d6
9. d4 Bf5 10. d5 Bxb1 11. dxc6 Bf5 12. cxb7 Rb8 13. Nh4 Bd7 14. Bf3 Qc7 15. Ng2
Bc6 16. Nb5 Qxb7 17. Bxc6 Qxc6 18. a4 d5 19. b3 Rfd8 20. cxd5 1-0

[Event "AUTO-ADV-955"]
[Site "http://www.queenalice.com/game.php?id=424783"]
[Date "2008.6.29"]
[Round "1"]
[White "Marchess"]
[Black "Bruno_de_Paula"]
[Result "1-0"]
[WhiteElo "1964"]
[BlackElo "1673"]

1. e4 c5 2. Nf3 d6 3. d4 cxd4 4. Nxd4 Nc6 5. Nc3 Nf6 6. Bg5 g6 7. Be2 Bg7 8. f3
O-O 9. Qd2 a6 10. Nb3 b5 11. Bh6 Bb7 12. Bxg7 Kxg7 13. h4 Nh5 14. O-O-O h6 15.
Rh3 e5 16. Nd5 Kh7 17. g4 Ng7 18. f4 Ne7 19. Nf6+ 1-0

[Event "AUTO-ADV-955"]
[Site "http://www.queenalice.com/game.php?id=424784"]
[Date "2008.6.29"]
[Round "1"]
[White "Bruno_de_Paula"]
[Black "Marchess"]
[Result "0-1"]
[WhiteElo "1869"]
[BlackElo "1956"]

1. e4 c6 2. d4 d5 3. Nc3 dxe4 4. Nxe4 Bf5 5. Ng3 Bg6 6. Nf3 e6 7. Bd3 Nd7 8. h4
Bxd3 9. Qxd3 Ngf6 10. c4 Bb4+ 11. Bd2 Qa5 12. a3 Bxd2+ 13. Qxd2 Qc7 14. b4 O-O
15. O-O Nb6 16. Qc2 h6 17. a4 Rfd8 18. Rfd1 Rd7 19. a5 Nc8 0-1

[Event "AUTO-ADV-955"]
[Site "http://www.queenalice.com/game.php?id=424797"]
[Date "2008.6.29"]
[Round "1"]
[White "Bruno_de_Paula"]
[Black "Francisco_Ferraz"]
[Result "0-1"]
[WhiteElo "1817"]
[BlackElo "1640"]

1. e4 c5 2. Nf3 d6 3. d4 cxd4 4. Nxd4 Nf6 5. Nc3 a6 6. f4 b5 7. a3 Bb7 8. Be2
Nxe4 9. Nxe4 Bxe4 10. O-O f5 0-1

[Event "AUTO-ADV-955"]
[Site "http://www.queenalice.com/game.php?id=424798"]
[Date "2008.6.29"]
[Round "1"]
[White "Francisco_Ferraz"]
[Black "Bruno_de_Paula"]
[Result "1-0"]
[WhiteElo "1634"]
[BlackElo "1739"]

1. b3 c5 2. Bb2 Nc6 3. e3 d6 4. Bb5 Bd7 5. f4 a6 6. Bxc6 Bxc6 7. Nf3 e6 8. O-O
Nf6 9. d3 Be7 10. Nbd2 b5 11. c4 O-O 12. h3 bxc4 13. Nxc4 Qc7 14. e4 d5 15. Nce5
dxe4 16. Nxc6 Qxc6 17. Ne5 1-0

[Event "AUTO-ADV-955"]
[Site "http://www.queenalice.com/game.php?id=424799"]
[Date "2008.6.29"]
[Round "1"]
[White "Bruno_de_Paula"]
[Black "Loh"]
[Result "1-0"]
[WhiteElo "1866"]
[BlackElo "1551"]

1. d4 d5 2. Nf3 Nc6 3. e3 Nf6 4. c4 Be6 5. c5 g6 6. b4 a6 7. Nc3 Ne4 8. Qc2 Bg7
9. a3 Bf5 10. Bd3 O-O 11. Nxe4 1-0

[Event "AUTO-INT-797"]
[Site "http://www.queenalice.com/game.php?id=424850"]
[Date "2008.6.29"]
[Round "2"]
[White "Stratego"]
[Black "Bruno_de_Paula"]
[Result "1-0"]
[WhiteElo "1745"]
[BlackElo "1626"]

1. e4 c6 2. Bc4 d5 3. exd5 cxd5 4. Bb5+ Nc6 5. d3 a6 6. Bxc6+ bxc6 7. Nc3 e6 8.
Nf3 Bd6 9. Bd2 Nf6 10. h3 O-O 11. O-O 1-0

[Event "AUTO-INT-797"]
[Site "http://www.queenalice.com/game.php?id=424851"]
[Date "2008.6.29"]
[Round "2"]
[White "Bruno_de_Paula"]
[Black "Stratego"]
[Result "0-1"]
[WhiteElo "1638"]
[BlackElo "1733"]

1. d4 d5 2. Nf3 Bg4 3. e3 e6 4. c4 Nf6 5. Nc3 dxc4 6. Bxc4 c6 7. O-O Be7 8. a3
Nbd7 9. b4 Nb6 10. Bb3 O-O 11. h3 Bh5 0-1

[Event "AUTO-ADV-956"]
[Site "http://www.queenalice.com/game.php?id=425044"]
[Date "2008.6.29"]
[Round "1"]
[White "luizpessoa"]
[Black "Bruno_de_Paula"]
[Result "1-0"]
[WhiteElo "1791"]
[BlackElo "1705"]

1. c4 e5 2. e4 Nf6 3. d3 Bc5 4. Bg5 Nc6 5. Nc3 h6 6. Bxf6 Qxf6 7. Nd5 Qd8 8. Be2
Ne7 9. Nf3 c6 10. Nxe7 Qxe7 11. a3 O-O 12. b4 Bb6 13. c5 Bc7 14. h3 a5 15. O-O
axb4 16. axb4 Rxa1 17. Qxa1 b6 18. cxb6 Bxb6 19. Qb1 Bb7 20. b5 1-0

[Event "AUTO-ADV-956"]
[Site "http://www.queenalice.com/game.php?id=425045"]
[Date "2008.6.29"]
[Round "1"]
[White "Bruno_de_Paula"]
[Black "luizpessoa"]
[Result "0-1"]
[WhiteElo "1719"]
[BlackElo "1777"]

1. d4 f5 2. c4 d5 3. e3 e6 4. Nc3 dxc4 5. Bxc4 a6 6. Nf3 b5 7. Bb3 c6 8. Ne2
Bb4+ 9. Bd2 Bxd2+ 10. Qxd2 Nf6 11. Ne5 Ne4 12. Qc2 Bd7 13. f3 Nf6 14. Nxd7 Qxd7
15. Nf4 Nd5 0-1

[Event "AUTO-ADV-956"]
[Site "http://www.queenalice.com/game.php?id=425062"]
[Date "2008.6.29"]
[Round "1"]
[White "Bruno_de_Paula"]
[Black "rogervolei"]
[Result "0-1"]
[WhiteElo "1682"]
[BlackElo "1851"]

1. e4 a6 2. d4 e6 3. c4 Qh4 4. Nc3 Bb4 5. Bd3 Bxc3+ 6. bxc3 Nc6 7. Nf3 Qg4 8.
O-O d6 9. h3 Qh5 10. d5 Ne5 11. Nxe5 Qxe5 0-1

[Event "AUTO-ADV-956"]
[Site "http://www.queenalice.com/game.php?id=425065"]
[Date "2008.6.29"]
[Round "1"]
[White "Arikalevi"]
[Black "Bruno_de_Paula"]
[Result "1-0"]
[WhiteElo "1953"]
[BlackElo "1813"]

1. e4 c6 2. d4 d5 3. e5 c5 4. Nf3 Bg4 5. Be2 e6 6. O-O Nc6 7. c3 f6 8. exf6 Nxf6
9. h3 Bh5 10. b3 cxd4 11. cxd4 1-0

[Event "AUTO-OPEN-1178"]
[Site "http://www.queenalice.com/game.php?id=425122"]
[Date "2008.6.29"]
[Round "1"]
[White "luizpessoa"]
[Black "Bruno_de_Paula"]
[Result "1-0"]
[WhiteElo "1810"]
[BlackElo "1648"]

1. c4 e5 2. e4 Nf6 3. d3 Bc5 4. h3 Nc6 5. Nf3 d6 6. Bg5 h6 7. Bxf6 Qxf6 8. Be2
Be6 9. a3 a5 10. Nc3 Qd8 11. Nd5 Ne7 12. O-O c6 13. Nxe7 Qxe7 14. b4 axb4 15.
axb4 Rxa1 16. Qxa1 1-0

[Event "AUTO-OPEN-1178"]
[Site "http://www.queenalice.com/game.php?id=425123"]
[Date "2008.6.29"]
[Round "1"]
[White "Bruno_de_Paula"]
[Black "luizpessoa"]
[Result "0-1"]
[WhiteElo "1658"]
[BlackElo "1800"]

1. d4 d5 2. c4 dxc4 3. e4 b5 4. a4 c6 5. axb5 cxb5 6. b3 cxb3 7. Bxb5+ Bd7 8.
Qxb3 Bxb5 9. Qxb5+ Nd7 10. Nf3 e6 11. O-O Nf6 12. Nc3 Be7 13. Be3 O-O 14. Rfc1
Nb6 0-1

[Event "AUTO-OPEN-1178"]
[Site "http://www.queenalice.com/game.php?id=425148"]
[Date "2008.6.29"]
[Round "1"]
[White "Romerflu"]
[Black "Bruno_de_Paula"]
[Result "1-0"]
[WhiteElo "1556"]
[BlackElo "1803"]

1. e4 c6 2. d4 d5 3. e5 c5 4. Bf4 cxd4 5. Qxd4 Nc6 6. Qd1 Bf5 7. Bb5 a6 8. Bxc6+
bxc6 9. g4 Bg6 10. Nf3 e6 11. O-O f6 12. Nc3 1-0

[Event "AUTO-OPEN-1178"]
[Site "http://www.queenalice.com/game.php?id=425149"]
[Date "2008.6.29"]
[Round "1"]
[White "Bruno_de_Paula"]
[Black "Romerflu"]
[Result "0-1"]
[WhiteElo "1854"]
[BlackElo "1619"]

1. d4 d5 2. c4 Nf6 3. Nc3 dxc4 4. e3 e6 5. Bxc4 Bb4 6. a3 Bxc3+ 7. bxc3 Ne4 8.
Qc2 f5 9. Ne2 O-O 10. O-O Qe7 11. f3 Ng5 12. Qb3 Nd7 13. Nf4 Nb6 0-1